000 00581nam a22001937a 4500
005 20251108172009.0
008 250721s1983 xx 000 0 ara d
082 1 4 _a811.409/فرز
100 1 _aالفرزدق،
245 1 0 _aشرح ديوان الفرزدق /
264 1 _aبيروت :
_bدار مكتبة الحياة،
_c1983.
300 _a277ص
490 0 _aمن التراث العربي
650 1 7 _aالشعر الأموي
700 1 _aالكاتب، سيف الدين
_eتحقيق
700 1 _aالكاتب، أحمد
942 _2ddc
_cBK
999 _c67863
_d67863